<?xml version="1.0" encoding="UTF-8"?>
<record
    xmlns:xsi="http://www.w3.org/2001/XMLSchema-instance"
    xsi:schemaLocation="http://www.loc.gov/MARC21/slim http://www.loc.gov/standards/marcxml/schema/MARC21slim.xsd"
    xmlns="http://www.loc.gov/MARC21/slim">

  <leader>00692nam a22001337a 4500</leader>
  <datafield tag="040" ind1=" " ind2=" ">
    <subfield code="c">RUA</subfield>
  </datafield>
  <datafield tag="082" ind1=" " ind2=" ">
    <subfield code="a">VEM LAO 2021 B1.602 Or.</subfield>
  </datafield>
  <datafield tag="100" ind1=" " ind2=" ">
    <subfield code="a">LAO SOCHEAT. &#x17A1;&#x17C5; &#x179F;&#x17BB;&#x1787;&#x17B6;&#x178F;&#x17B7;</subfield>
  </datafield>
  <datafield tag="245" ind1=" " ind2=" ">
    <subfield code="a">GASTRO-INTESTINAL PARASITES IN DOMESTIC CHICKEN AT SOMRA ONG COMMUNE, ANG SNOUL DISTRICT, KANDAL PROVINCE. &#x1794;&#x179A;&#x17B6;&#x179F;&#x17B7;&#x178F;&#x1780;&#x17D2;&#x1793;&#x17BB;&#x1784;&#x1794;&#x17D2;&#x179A;&#x178A;&#x17B6;&#x179F;&#x179A;&#x17C6;&#x179B;&#x17B6;&#x1799;&#x17A2;&#x17B6;&#x17A0;&#x17B6;&#x179A;&#x1798;&#x17B6;&#x1793;&#x17CB;&#x1793;&#x17C5;&#x1783;&#x17BB;&#x17C6;&#x179F;&#x17C6;&#x179A;&#x17C4;&#x1784;&#x179B;&#x17BE; &#x179F;&#x17D2;&#x179A;&#x17BB;&#x1780;&#x17A2;&#x1784;&#x17D2;&#x1782;&#x179F;&#x17D2;&#x1793;&#x17BD;&#x179B; &#x1781;&#x17C1;&#x178F;&#x17D2;&#x178F;&#x1780;&#x178E;&#x17D2;&#x178F;&#x17B6;&#x179B;</subfield>
  </datafield>
  <datafield tag="260" ind1=" " ind2=" ">
    <subfield code="a">Phnom Penh</subfield>
    <subfield code="b">RUA</subfield>
    <subfield code="c">2021</subfield>
  </datafield>
  <datafield tag="300" ind1=" " ind2=" ">
    <subfield code="a">IX.37P</subfield>
    <subfield code="b">VII.</subfield>
    <subfield code="c">29CM</subfield>
  </datafield>
  <datafield tag="856" ind1=" " ind2=" ">
    <subfield code="u">https://drive.google.com/file/d/1fQRjph57P8y3bLZu_pFwIynZA9w-lTR8/view?usp=sharing</subfield>
  </datafield>
  <datafield tag="942" ind1=" " ind2=" ">
    <subfield code="c">VEM</subfield>
  </datafield>
  <datafield tag="999" ind1=" " ind2=" ">
    <subfield code="c">21668</subfield>
    <subfield code="d">21668</subfield>
  </datafield>
  <datafield tag="952" ind1=" " ind2=" ">
    <subfield code="0">0</subfield>
    <subfield code="1">0</subfield>
    <subfield code="2">ddc</subfield>
    <subfield code="4">0</subfield>
    <subfield code="6">VEM_LAO_2021_000000000000000_B1_602_OR</subfield>
    <subfield code="7">0</subfield>
    <subfield code="9">94145</subfield>
    <subfield code="a">LBB</subfield>
    <subfield code="b">LBB</subfield>
    <subfield code="c">B1.602</subfield>
    <subfield code="d">2023-08-16</subfield>
    <subfield code="l">4</subfield>
    <subfield code="o">VEM LAO 2021 B1.602 Or.</subfield>
    <subfield code="p">a073923</subfield>
    <subfield code="r">2025-01-08</subfield>
    <subfield code="s">2024-12-13</subfield>
    <subfield code="w">2023-08-16</subfield>
    <subfield code="y">VEM</subfield>
  </datafield>
  <datafield tag="952" ind1=" " ind2=" ">
    <subfield code="0">0</subfield>
    <subfield code="1">0</subfield>
    <subfield code="2">ddc</subfield>
    <subfield code="4">0</subfield>
    <subfield code="6">VEM_LAO_2021_000000000000000_B1_602_OR</subfield>
    <subfield code="7">0</subfield>
    <subfield code="9">94146</subfield>
    <subfield code="a">LBB</subfield>
    <subfield code="b">LBB</subfield>
    <subfield code="c">B1.602</subfield>
    <subfield code="d">2023-08-16</subfield>
    <subfield code="l">2</subfield>
    <subfield code="o">VEM LAO 2021 B1.602 Or.</subfield>
    <subfield code="p">a073903</subfield>
    <subfield code="r">2025-08-25</subfield>
    <subfield code="s">2025-08-11</subfield>
    <subfield code="w">2023-08-16</subfield>
    <subfield code="y">VEM</subfield>
  </datafield>
  <datafield tag="952" ind1=" " ind2=" ">
    <subfield code="0">0</subfield>
    <subfield code="1">0</subfield>
    <subfield code="2">ddc</subfield>
    <subfield code="4">0</subfield>
    <subfield code="6">VEM_LAO_2021_000000000000000_B1_602_OR</subfield>
    <subfield code="7">0</subfield>
    <subfield code="9">94147</subfield>
    <subfield code="a">LBB</subfield>
    <subfield code="b">LBB</subfield>
    <subfield code="c">B1.602</subfield>
    <subfield code="d">2023-08-16</subfield>
    <subfield code="o">VEM LAO 2021 B1.602 Or.</subfield>
    <subfield code="p">a073911</subfield>
    <subfield code="r">2023-08-16</subfield>
    <subfield code="w">2023-08-16</subfield>
    <subfield code="y">VEM</subfield>
  </datafield>
  <datafield tag="952" ind1=" " ind2=" ">
    <subfield code="0">0</subfield>
    <subfield code="1">0</subfield>
    <subfield code="2">ddc</subfield>
    <subfield code="4">0</subfield>
    <subfield code="6">VEM_LAO_2021_000000000000000_B1_602_OR</subfield>
    <subfield code="7">0</subfield>
    <subfield code="9">94148</subfield>
    <subfield code="a">LBB</subfield>
    <subfield code="b">LBB</subfield>
    <subfield code="c">B1.602</subfield>
    <subfield code="d">2023-08-16</subfield>
    <subfield code="o">VEM LAO 2021 B1.602 Or.</subfield>
    <subfield code="p">a073843</subfield>
    <subfield code="r">2023-08-16</subfield>
    <subfield code="w">2023-08-16</subfield>
    <subfield code="y">VEM</subfield>
  </datafield>
  <datafield tag="952" ind1=" " ind2=" ">
    <subfield code="0">0</subfield>
    <subfield code="1">0</subfield>
    <subfield code="2">ddc</subfield>
    <subfield code="4">0</subfield>
    <subfield code="6">VEM_LAO_2021_000000000000000_B1_602_OR</subfield>
    <subfield code="7">0</subfield>
    <subfield code="9">94149</subfield>
    <subfield code="a">LBB</subfield>
    <subfield code="b">LBB</subfield>
    <subfield code="c">B1.602</subfield>
    <subfield code="d">2023-08-16</subfield>
    <subfield code="l">1</subfield>
    <subfield code="o">VEM LAO 2021 B1.602 Or.</subfield>
    <subfield code="p">a074678</subfield>
    <subfield code="r">2024-07-01</subfield>
    <subfield code="s">2024-06-28</subfield>
    <subfield code="w">2023-08-16</subfield>
    <subfield code="y">VEM</subfield>
  </datafield>
  <datafield tag="952" ind1=" " ind2=" ">
    <subfield code="0">0</subfield>
    <subfield code="1">0</subfield>
    <subfield code="2">ddc</subfield>
    <subfield code="4">0</subfield>
    <subfield code="6">VEM_LAO_2021_000000000000000_B1_602_OR</subfield>
    <subfield code="7">0</subfield>
    <subfield code="9">94150</subfield>
    <subfield code="a">LBB</subfield>
    <subfield code="b">LBB</subfield>
    <subfield code="c">B1.602</subfield>
    <subfield code="d">2023-08-16</subfield>
    <subfield code="o">VEM LAO 2021 B1.602 Or.</subfield>
    <subfield code="p">a074722</subfield>
    <subfield code="r">2023-08-16</subfield>
    <subfield code="w">2023-08-16</subfield>
    <subfield code="y">VEM</subfield>
  </datafield>
</record>
